Essentials of Management Information Systems : Managing the Digital Firm /

Shranjeno v:
Bibliografske podrobnosti
Glavni avtor: Laudon, Kenneth C. (autor)
Drugi avtorji: Laudon, Jane Price (autor) (autor)
Format: Elektronski
Jezik:angleščina
Izdano: Upper Saddle River, EUA : Prentice-Hall, 2003, c2003
Izdaja:5a edición
Teme:
Oznake: Označite
Brez oznak, prvi označite!

MARC

LEADER 00000nmm^a2200000^a^4500
001 000153558
005 20250521000000.0
009 20260310100322.913
020 |a 0-13-009378-5 
037 |a Acervo ITESO - Biblioteca 
041 |a ING 
082 |a 658. 00285  |b LAU 
100 |a Laudon, Kenneth C.  |e (autor) 
240 1 1 |a [Administración de los sistemas de información] 
240 1 1 |a [Sistemas de información gerencial: administración de la empresa digital] 
245 1 0 |a Essentials of Management Information Systems :  |b Managing the Digital Firm /  |c K.C. Laudon, J.P. Laudon. 
250 |a 5a edición 
264 4 |a Upper Saddle River, EUA :  |b Prentice-Hall,  |c 2003, c2003 
300 |a 1 libro electrónico en disco 
300 |a 1 disco compacto de computadora +  |e 1 díptico 
336 |a datos para computadora  |b cod  |2 rdacontenido 
337 |a computadora  |b c  |2 rdamedio 
338 |a disco de computadora  |b cd  |2 rdasoporte 
530 |a Existe una edición en formato impreso con el título: Management Information Systems: Managing the Digital Firm 
649 |a XX 
650 |a Sistemas de Información -  |x Administración -  |x Tema Principal 
650 |a Automatización 
650 |a Tecnologías de Comunicación e Información -  |x Función Organizacional -  |x Tema Principal 
650 |a Desarrollo Organizacional 
650 |a Toma de Decisiones -  |x Análisis de Información 
650 |a Toma de Decisiones 
650 |a Cambio Organizacional 
650 |a Proceso Administrativo -  |x Dirección 
650 |a Informática 
650 |a Administración 
650 |a Ciencias Administrativas 
700 |a Laudon, Jane Price  |e (autor) 
910 |a Fondo General 
920 |a Electrónicos - Recursos en Disco 
905 |a 207 
901 |a 0500137622  |b IT2  |c SWS  |u 20250521 
901 |a 0500246033  |b IT2  |c SAS  |u 20250521 
902 |a https://opac.biblio.iteso.mx/vufind/Record/000153558